Educación para el amor Nº 2: curso: 2º básico

-д хадгалсан:
Номзүйн дэлгэрэнгүй
Үндсэн зохиолч: Araya Venegas, Lucía (Зохиогч)
Формат: Ном
Хэл сонгох:испани
Хэвлэсэн: Santiago Andrés Bello 1987
Нөхцлүүд:
Шошгууд: Шошго нэмэх
Шошго байхгүй, Энэхүү баримтыг шошголох эхний хүн болох!

MARC

LEADER 00000nam a2200000 a 4500
001 UCI6645
003 CL-VaPUC
008 080516e19870000CL |||||||||||||||||spa|d
082 0 4 |a 372.372  |b ARA  |2 21 
100 0 |a Araya Venegas, Lucía  |e author  |9 529602 
245 1 0 |a Educación para el amor Nº 2: curso: 2º básico 
300 |a 52 p 
942 |c BK 
945 |d 20080516 00:00:00  |a jtorresc 
260 |a Santiago  |b Andrés Bello  |c 1987 
600 0 7 |a EDUCACION SEXUAL  |2 CL-VaPUC  |9 529603 
600 0 7 |a NIÑOS  |2 CL-VaPUC  |9 529604 
600 0 7 |a METODOS DE ENSEÑANZA  |2 CL-VaPUC  |9 528330 
600 0 7 |a LIBROS DE TEXTO  |2 CL-VaPUC  |9 500683 
583 |a last modification  |c 20170726 05:44:52  |k Rodrigo Vera 
999 |c 330100  |d 330098 
952 |0 0  |1 0  |4 0  |6 372_372000000000000_ARA_1987  |7 0  |8 P  |9 415451  |a BIBEDU  |b BIBEDU  |c BIBEDU_PB  |d 2019-11-22  |i 4440099  |o 372.372 ARA 1987  |p 4440099  |r 2024-01-25  |w 2019-11-22  |y BK  |k EPE